000 00710nam a22002297a 4500
003 UA-OsUOA
001 50455
007 ta
008 20071119b un ||||| |||| 00| 0 ukr d
090 _a94(477)(06)
_bП30
942 _cBK
040 _aUA-OsUOA
_bukr
_cUA-OsUOA
_dUA-OsUOA
245 _aПетро Шелест: "Справжній суд історії ще попереду"
_bСпогади, Документи, Щоденники, Матеріали
300 _a806 с.
955 _a2
041 _aukr
080 _a94(477)(06)
020 _a966-504-341-2
260 _aК.
_bГенеза
_c2004
650 7 _a9 Географія. Біографії. Історія
_2UDC
999 _c336470
_d336470